| 000 -Cabeçalho |
| Cabeçalho |
00473nam 22001573 4500 |
| 001 - Identificador do registo |
| Identificador do registo |
32627 |
| 010 ## - Número Internacional Normalizado dos livros (ISBN) |
| Número Internacional Normalizado - ISBN |
978-972-8669-63-8 |
| 090 ## - Número de controle KOHA |
| Número biblioitem KOHA |
32627 |
| 100 ## - Dados gerais de processamento |
| Dados gerais de processamento |
20260324d u||y0pory50 ba |
| 101 ## - Língua da publicação |
| Língua do texto, banda sonora, etc. |
Português |
| 200 ## - Título e menção de responsabilidade |
| Título próprio |
Predictabilidade Sazonal de Secas |
| Informação de outro título |
Avaliação ao Nível Regional e Agrícola |
| Primeira menção de responsabilidade |
Carlos Alberto Leitão Pires |
| Outras menções de responsabilidade |
Luís Santos Pereira |
| 210 ## - Publicação, distribuição, etc. |
| Lugar da edição, distribuição, etc. |
Lisboa |
| Nome do editor, distribuidor, etc. |
IsaPress |
| Data da publicação, distribuição, etc. |
2015 |
| 215 ## - Descrição física |
| Tipo do material e extensão do item |
332 p. |
| Dimensões |
23 cm |
| 606 ## - Nome comum usado como assunto |
| Subdivisão de assunto |
Meteorologia Agrícola |
| ID Autoridade |
23767 |
| 801 ## - Fonte de origem |
| Regras de catalogação |
ISBD |
| 942 ## - Informação adicional KOHA |
| Inibição de acesso no OPAC |
Não |